000 01123nam0a22002891 4500
001 rc\3632868
005 20260406193201.0
021 _aRU
_b[71-42048]
035 _a(NLR Aleph) 007825743
090 _a7758646
_c7758646
100 _a20130115d1970 |||y0rusy50 ca
101 0 _arus
102 _aRU
105 _aa z |||||
200 1 _aМетодика магнитных измерений и интерпретации в геофизике
_e[Сборник статей
_fОтв. ред. Н.А. Иванов и А.Н. Бахвалов]
_gАН СССР. Урал. филиал
210 _aСвердловск
_cБ. и.
_d1970
215 _a78 с.
_cил.
_d22
320 _aСписки лит. в конце статей
606 _aМагнитометрическая разведка
_jСборники
_2psbo
702 1 _aБахвалов
_bА.Н.
_4340
702 1 _aИванов
_bН.А.
_4340
712 0 2 _aАН СССР
_bУральский филиал
_3RU\NLR\AUTH\889955848
_9407815
801 0 _aRU
_bNLR
_gpsbo
801 1 _aRU
_bELAR
_2rusmarc
852 _aNLR
_j71-6/2989
942 _cBOOK
980 _aNB